000 00701nam a2200253Ia 4500
005 20260121114152.0
008 008 260114s9999 xx 000 0 eng d
020 _a9783433610275
037 _aEBOOK
040 _aCRL
040 _beng
040 _cCRL
041 _2eng
041 _aeng
084 _qCRL
100 _aSuad Semic
_9971703
245 0 _aDie Brandschutzdokumentation - Unterlagen für Planung, Errichtung und Betrieb von Gebäuden zum Nachweis eines ausreichenden Brandschutzes
260 _bWiley
260 _c2022
856 _uhttps://onlinelibrary.wiley.com/doi/book/10.1002/9783433610275
942 _cEBOOK
999 _c1550957
_d1550957